00586nam a2200217Ia 4500003000900000008004100009020002200050040001600072080001200088100002000100245007500120250001700195260004000212300001700252650002100269650001600290650001200306650001200318700002000330700001800350IN-BaIIA211028s9999 xx 000 0 eng d a978-0-470-56158-4 cIIA Library a53bHAL aHalliday, David 0aPrinciples of physicscDavid Halliday, Robert Resnick and Jearl Walker a9th ext. ed. aNew JerseybJohn Wiley & Sonsc2011 axxii, 1248p. aForce and motion aMeasurement aPhysics aVectors aResnick, Robert aWalker, Jearl